La pensión de sobrevivientes / (Registro nro. 11865)
[ vista simple ]
| 000 -LEADER | |
|---|---|
| fixed length control field | 01459nam a2200241Ia 4500 |
| 003 - CONTROL NUMBER IDENTIFIER | |
| control field | OSt |
| 005 - DATE AND TIME OF LATEST TRANSACTION | |
| control field | 20210715133529.0 |
| 008 - FIXED-LENGTH DATA ELEMENTS--GENERAL INFORMATION | |
| fixed length control field | 210310s2009 ck gr 000 0 spa d |
| 020 ## - INTERNATIONAL STANDARD BOOK NUMBER | |
| International Standard Book Number | 9789583506710 |
| 040 ## - CATALOGING SOURCE | |
| Original cataloging agency | CO-JMCR |
| Transcribing agency | CO-JMCR |
| 041 0# - LANGUAGE CODE | |
| Language code of text/sound track or separate title | spa |
| 082 04 - DEWEY DECIMAL CLASSIFICATION NUMBER | |
| Classification number | 344.02 / |
| Item number | M386p |
| Edition number | 23 |
| 100 1# - MAIN ENTRY--PERSONAL NAME | |
| Personal name | Martínez Cifuentes, Juan, |
| Relator term | autor |
| 9 (RLIN) | 26653 |
| 245 13 - TITLE STATEMENT | |
| Title | La pensión de sobrevivientes / |
| Statement of responsibility, etc. | Juan Martínez Cifuentes |
| 260 ## - PUBLICATION, DISTRIBUTION, ETC. | |
| Place of publication, distribution, etc. | Bogotá : |
| Name of publisher, distributor, etc. | Temis, |
| Date of publication, distribution, etc. | 2009. |
| 300 ## - PHYSICAL DESCRIPTION | |
| Extent | xv, 196 páginas |
| Dimensions | 24 cm. |
| 501 ## - WITH NOTE | |
| With note | Con: notas a pie de pagina. |
| 504 ## - BIBLIOGRAPHY, ETC. NOTE | |
| Bibliography, etc. note | Bibliografía: páginas [199]. |
| 505 ## - FORMATTED CONTENTS NOTE | |
| Formatted contents note | Marco de referencia. -- Aspectos generales de la pensión de sobrevivientes. -- La pensión de sobrevivientes en el nuevo sistema general de pensiones. -- La indemnización sustitutiva. -- Conceptos aplicables para otorgar la pensión de sobrevivientes. -- Principios constitucionales aplicables al derecho a la pensión de sobrevivientes. -- La pensión de sobrevivientes para las parejas del mismo sexo. -- Judicialización de la protección a la seguridad social. -- De la pensión de sobrevivientes en Colombia y en otras legislaciones de América y Europa. -- Comentarios y críticas al sistema integral de seguridad social relativo a la pensión de sobrevivientes. -- Preguntas frecuentes de los usuarios del sistema. |
| 650 14 - SUBJECT ADDED ENTRY--TOPICAL TERM | |
| Topical term or geographic name entry element | Pensión de sobrevivientes |
| 9 (RLIN) | 26655 |
| 650 24 - SUBJECT ADDED ENTRY--TOPICAL TERM | |
| Topical term or geographic name entry element | Derechos pensionales de sobrevivientes |
| 9 (RLIN) | 38490 |
| 942 ## - ADDED ENTRY ELEMENTS (KOHA) | |
| Source of classification or shelving scheme | Dewey Decimal Classification |
| Koha item type | Books |
| Withdrawn status | Lost status | Source of classification or shelving scheme | Damaged status | Not for loan | Home library | Current library | Shelving location | Date acquired | Source of acquisition | Full call number | Barcode | Date last seen | Copy number | Price effective from | Koha item type |
|---|---|---|---|---|---|---|---|---|---|---|---|---|---|---|---|
| Dewey Decimal Classification | Biblioteca Pública José María del Castillo y Rada | Biblioteca Pública José María del Castillo y Rada | General Stacks | 04/15/2018 | Donación | 344.02 / M386p | 430003049 | 05/16/2024 | Ej.1 | 03/10/2021 | Books |